Quizzes
Events
Quiz Creation
Community
Videos
Private Events
Remove Ads
Sign In
Join for FREE
Feedback
Dark Mode
Quiz Categories
Sports
Geography
Music
Movies
Television
Just For Fun
Miscellaneous
History
Literature
Language
Science
Gaming
Entertainment
Religion
Holiday
For Kids
Quiz Lab
Recent
Popular Today
Quiz Kudos Today
Editor Picks
Curator Picks
Quizzes by...
Day
Popularity
Type
Ratings
Length
Year
Community
Subscriptions
Recent Discussions
Orange Saloon
Badges
Playlists
Quests
Create
Leaderboards
Showdown
Live 5
Trivia Bingo
Activity
Puzzle Library
Sporcle Events
Private Events
Virtual Trivia
Globe League
Become a Host
Pub Owners
SporcleCon
Opinionation
Our Games
Videos
Blog
Mobile Apps
Partnerships
Remove Ads and Go Orange
Feedback
Science
Computer
Plants
Astronomy
Chemistry
Elements
Math
Animal
Physics
Anatomy
Biology
Geology
General Science
Science
Computer
Plants
Astronomy
Chemistry
Elements
Math
Animal
Physics
Anatomy
Biology
Geology
General Science
Random Quiz
Search Sporcle
×
Quiz Lab
Quiz Lab
Science
class
Type in answers that appear in a list
Type in answers that appear in a list
Classic
Best Score? Go Orange.
Gonadal Hormone Drugs Stats
Can you name the Gonadal Hormone Drugs?
By
SilkyMacrophages
20m
34 Questions
7 Plays
7 Plays
7 Plays
Comments
Comments
Give Quiz Kudos
Give Quiz Kudos
-
- Ratings
hide this ad
More Info
Replay
Link that replays current quiz
Next Quiz
Link to next quiz in quiz playlist
You Got
0%
They Got
Avg Score
17%
Avg Friend Score
Upgrade to see
Score Distribution
Jump to the score distribution portion of the page
Score
0/34
Timer
20:00
0
Plays Today
Drug Class
Drug
% Correct
Estrogens
Ethinyl Estradiol (Estinyl)
71.4%
Androgens
Testosterone
71.4%
Selective Estrogen Receptor Modulators
Tamoxifen (Nolvadex)
42.9%
Aromatase Inhibitors
Anastrozole (Arimidex)
42.9%
Aromatase Inhibitors
Letrozole (Femara)
42.9%
Estrogens
Sulfate Esters of Estrone (Premarin)
28.6%
Progestins
Norethindrone
28.6%
Progestins
Norgestrel
28.6%
Selective Estrogen Receptor Modulators
Raloxifene (Evista)
28.6%
Androgens
Danazol (Danocrine)
28.6%
Androgen Receptor Antagonists
Bicalutamide (Casodex)
28.6%
Inhibitor of 5 alpha-
Reductase
Finasteride (Proscar)
28.6%
Progestins
Levonorgestrel
14.3%
Selective Estrogen Receptor Modulators
Toremifene (Fareston)
14.3%
Antiestrogens
Clomiphene (Clomid, Serophene, Milophene)
14.3%
Antiprogestins
Mifepristone (RU 486)
14.3%
Androgens
Methyltestosterone (Oretin Methyl)
14.3%
Drug Class
Drug
% Correct
Androgens
Testosterone Cypionate (Depo-Testosterone)
14.3%
Androgens
Testosterone Enanthate (Delatestryl)
14.3%
Androgens
Fluoxymesterone (Halotestin)
14.3%
Androgen Receptor Antagonists
Flutamide (Eulexin)
14.3%
Estrogens
Ethinyl Estradiol 3-Methylether (Mestranol)
0%
Estrogens
Estradiol Esters (Delestrogen, Valergen, Depo-Estradiol Cypionate)
0%
Estrogens
Transdermal Estrogen Patches
0%
Estrogens
Diethylstilbeserol
0%
Estrogens
Chlorotrianisene
0%
Antiestrogens
Fluvestrant (Faslodex)
0%
Antiprogestins
Onapristone
0%
Selective Progesterone Receptor Modulator
Asoprisnil (experimental)
0%
Androgens
Testosterone Transdermal Patches
0%
Androgens
Testosterone Propionate
0%
Androgen Receptor Antagonists
Cyproterone Acetate (Cyprostat)
0%
Androgen Receptor Antagonists
Nicalutamide (Nilandron)
0%
Other
Anabolic Steroids
0%
Quiz Playlist
Details
Report
Send in Message
Add To Playlist
More Info:
This was made as a study tool for a particular professional school pharmacology class.
Classic:
Type in answers that appear in a list
Last Updated: Feb 16, 2017
Quiz Scoreboard
CHALLENGE
Sign Up to Join the Scoreboard
Show All
Scores
Hide
Comments
May contain spoilers
Recently Published
Popular People in 1961
by mucciniale
History
6m
1-10 Letter E Words III
by El_Dandy
Language
2m
One Thing in Common: World Cities II
by knightlancer
Geography
7m
More to Explore
Quiz From the Vault
Featured Blog Post
Where Did the Easter Bunny Come From?
hide this ad
You Might Also Like...
Tags
class
Drug
hormone
Today's Top Quizzes in Science
Browse Science
hide this ad
Today's Top Quizzes in class
Browse class
Top Contributed Quizzes in Science
1
Quick Pick: Radians
2
One Thing in Common: Science III
3
One Thing in Common: Science
4
Sporcle Puzzle Hunt: Science
5
One Thing in Common: Science II
6
Quick Pick: 'CI-CJ' Animals
7
Click the Parts of an Plant Cell
8
Elements In Images
9
Multiplication table 1-10
10
Square Numbers Scrambled (1-50)
Explore More
Trending Topics
Disney
Harry Potter
Kpop
Crossword
Marvel
Anime
NBA
Country
Song
Pokémon
Puzzle
NFL
Soccer
The Office
WWE
hide this ad
More By:
SilkyMacrophages
Quiz
Plays
Rating
Category
Featured
Created
Respiratory Pathology
387
2.50
Science
Sep 22, 2010
NSAIDs and DMARDs
215
Science
Oct 4, 2010
Renal Pathology
195
Science
Oct 6, 2010
Endocrine Diseases
171
Science
Sep 21, 2010
Antiparkinson Drugs
147
Science
Oct 7, 2010
Go to Creator's Profile
Score Distribution
Quiz Creator Spotlight
SilkyMacrophages
Follow
Send a Message
Quizzes Created
-
Created Quiz Play Count
-
More By This Creator
Popular Quizzes Today
1
Find the US States - No Outlines Minefield
2
The Countries of the World
3
Popular People in 1961
4
Find the Countries of Europe - No Outlines Minefield
5
1-10 Letter E Words III
6
Find the US States
7
One Thing in Common: World Cities II
8
US States
More Science Quizzes
Elements by Symbol Letters
Published
Trending Quizzes
Country Music Stars Doing Things
Get the Picture: Carrie or Dolly
1-10 Letter F Words
1-10 Letter G Words
Risky Map Clicking: Next State Alphabetically
Recently Updated
Leaping Animals
pecheneg
Reality TV Shows (A-Z)
bhenderson79
Rickey Henderson's Hall of Fame Teammates
pecheneg
Champions League XIs: Arsenal
pecheneg
Quick Pick: Celebrities in WWE's Hall of Fame
aduchscher
A-Z Keypad Blitz II
pecheneg
Multiple Oscar Actors
pecheneg
Mystery Phrase Blitz: Oscar 'Best Actors'
pecheneg
F. Scott Fitzgerald Novels
LTH
Pick 3 Villains
ddd62291
Trending Topics
Marvel
Anime
Kpop
Harry Potter
NBA
Disney
Crossword
The Office
Puzzle
Soccer
WWE
Country
Pokémon
Song
NFL
Your Account Isn't Verified!
In order to create a playlist on Sporcle, you need to verify the email address you used during registration. Go to your
Sporcle Settings
to finish the process.
Report this User
Report this user for behavior that violates our
Community Guidelines
.
Details:
Send Report
Go to the Sporcle.com Mobile Site →
Comments